|
|
|
|
| LEADER |
00998nam a2200265 u 4500 |
| 001 |
10030963 |
| 003 |
upatras |
| 005 |
20210117210055.0 |
| 008 |
991102s1996 us eng |
| 020 |
|
|
|a 0079122590
|
| 040 |
|
|
|a GR-PaULI
|c GR-PaULI
|
| 041 |
0 |
|
|a eng
|
| 082 |
0 |
4 |
|a 005.2
|
| 100 |
1 |
|
|a Baker, Louis
|9 154286
|
| 245 |
1 |
0 |
|a Parallel programming
|c Lou Baker and Bradley J. Smith
|
| 260 |
|
|
|a New York
|b McGraw-Hill
|c 1996
|
| 300 |
|
|
|a x, 381 p.
|b fig.
|c 25 cm.
|e 1 disk
|
| 504 |
|
|
|a Includes bibliographical references and index
|
| 650 |
|
4 |
|a Ηλεκτρονικοί υπολογιστές
|x Προγραμματισμός
|9 948
|
| 700 |
1 |
|
|a Smith, Brandley J.
|9 154287
|
| 852 |
|
|
|a GR-PaULI
|b ΠΑΤΡΑ
|b ΒΚΠ
|b ΒΣ1
|k ΑΣΧΞ
|h 005.2 B
|m 052348
|p 025000067715
|t 1
|
| 942 |
|
|
|2 ddc
|c BK15
|
| 998 |
|
|
|c ΣΥΨΑ
|d 1999-11
|
| 999 |
|
|
|c 122854
|d 122854
|
| 952 |
|
|
|0 0
|1 0
|4 0
|6 005_200000000000000_B
|7 0
|9 200499
|a LISP
|b LISP
|c BSC
|d 2016-04-24
|i 052348
|l 0
|o 005.2 B
|p 025000067715
|r 2016-04-24
|t 1
|w 2016-04-24
|y BK15
|